000 00935cam a22002174a 4500
005 20250605164140.0
008 250528s ||||||||||||||||||||||||d
035 _a18937
020 _a194534227
040 _aGR-AtMCL
_bgre
_dGR-AtMCL
_eAACR2
245 1 _aListening Advanced / Oxford Supplementary Skills
260 _bOxford University Press,
_c1988
300 _a94
520 _aThis material provide students with interesting and informative texts as well as challenging tasks to help them develop their listening skills. Foreword, Introduction, Frightfully Super, Does It Have to Be Grim?, For Everything, Genre, Bulletins, Medicine Matters, Diamond Demand, Flying Around Freely, Egypt for the Day, Throwing the Voice...Catching the Drift, Key, Text of Recordings.
700 1 _aBreary Barry
_95220
700 1 _aMaley Alan
_95221
700 1 _aRevell Jane
_95222
942 _cBK
999 _c4235
_d4235